000 00813nam0a2200265 4500
001 RU\NLR\ONL2\5493
005 20250630144930.0
035 _a(NLR Aleph) 009653091
090 _a9578748
_c9578748
100 _a20060718d1988 |||y0rusy50 ca
101 1 _aaze
_brus
_crum
102 _aRU
105 _ay |||||||||
200 1 _aРумын халг нағыллары
_f[Пер. Е. Фәррухзадә]
210 _aБакы
_cҜәнҹ|лик
_d1988
215 _a148,[2] с.
_d20
541 1 _aРумынские народные сказки
_eДля мл. возраста
_zrus
686 1 _aШ9(2)3=Аз-73(4Р)
801 0 _aRU
_bNLR
_c20060718
_gPSBO
852 _aNLR
_bОНЛ
_jАзерб./3-12733
942 _cBOOK
980 _aNB
980 _aONL_RF